01011cam a2200277 a 4500999001500000001000600015003000900021005001700030008004100047020003600088020001800124040002800142082002100170100002100191245007800212250001200290260004600302300004500348500005300393504006600446650004200512650002600554700002200580942001200602952011900614 c2307d230715156BD-DhUAP20200223101359.0050325s2006 njua b 001 0 eng  a0471699020 (cloth : alk. paper) a9780471699026 aDLCcDLCdBD-DhUAPbEng00223a686.2209 MEG1 aMeggs, Philip B.10aMeggs' history of graphic design /cPhilip B. Meggs and Alston W. Purvis. a4th ed. aHoboken, N.J. :bJ. Wiley & Sons,cc2006. axi, 575 pages :billustrations ;c29 cm. aRev. ed. of: A history of graphic design. c1998. aIncludes bibliographical references (p. [533]-551) and index. 0aGraphic design (Typography)xHistory. 0aBook designxHistory.1 aPurvis, Alston W. 2ddccBK 00102ddc4070aUAPCLbUAPCLcGeneral Stacksd2020-02-23o686.2209 MEGp3010015156r2020-02-23t1w2020-02-23yBK